|
|
|
|
| LEADER |
02033nam a22004694a 4500 |
| 001 |
30036 |
| 003 |
BD-DhAAL |
| 005 |
20151108105902.0 |
| 008 |
151108r20061975enka b 001 0 eng c |
| 010 |
|
|
|a 00711433
|
| 015 |
|
|
|a GB99-82289
|
| 020 |
|
|
|a 9780195651102
|
| 020 |
|
|
|a 0195651103
|
| 035 |
|
|
|a (OCoLC)ocm42955219
|
| 040 |
|
|
|a UKM
|c UKM
|d IQU
|d DLC
|d BD-DhAAL
|
| 050 |
0 |
0 |
|a HD5852
|b .S45 1999
|
| 082 |
|
|
|2 22
|a 331.1/1/091724
|
| 999 |
|
|
|c 36053
|d 36053
|
| 999 |
|
|
|c 36053
|
| 999 |
|
|
|c 0
|
| 100 |
1 |
|
|a Sen, Amartya,
|d 1933-
|9 16005
|
| 245 |
1 |
0 |
|a Employment, technology and development :
|b a study prepared for the International Labour Office within the framework of the World Employment Programme /
|c Amartya Sen ; with a foreword by Louis Emmerij.
|
| 250 |
|
|
|a Indian ed.
|
| 260 |
|
|
|a New Delhi ;
|a New York :
|b Oxford University Press,
|c 1975 [Sixth impression 2006]
|
| 300 |
|
|
|a xi, 193 p. :
|b ill. ;
|c 22 cm.
|
| 490 |
|
|
|a Oxford India paperbacks
|
| 500 |
|
|
|a "First published by Clarendon Press, Oxford, UK, 1975; reprinted ... 1999"--T.p. verso.
|
| 500 |
|
|
|a "First published by Clarendon Press, Oxford, UK, 1975; reprinted ... 1999"--T.p. verso.
|
| 501 |
|
|
|a Book for CED
|
| 504 |
|
|
|a Includes bibliographical references (p. 165-186) and index.
|
| 541 |
|
|
|e 30036
|
| 650 |
|
0 |
|a Labor supply
|z Developing countries.
|9 7842
|
| 650 |
|
0 |
|a Manpower policy
|z Developing countries.
|9 16006
|
| 650 |
|
0 |
|a Manpower policy
|z India.
|9 7844
|
| 650 |
|
0 |
|a Capital investments.
|9 7845
|
| 650 |
|
4 |
|a Labor market
|z Developing countries.
|9 7846
|
| 650 |
|
4 |
|a Manpower policy
|z Developing countries.
|9 16006
|
| 650 |
|
4 |
|a Labor supply
|x Effect of technological innovations on
|z Developing countries.
|9 7848
|
| 710 |
2 |
|
|a World Employment Programme.
|9 16007
|
| 710 |
2 |
|
|a International Labour Office.
|9 16008
|
| 942 |
|
|
|2 ddc
|c BK
|
| 952 |
|
|
|0 0
|1 0
|2 ddc
|4 0
|6 331_100000000000000_1_091724_SEN
|7 0
|9 56656
|a CED
|b CED
|c GEN
|d 2015-11-08
|e Development Book Agency
|g 600.00
|l 0
|o 331.11091724 SEN
|p 3010030036
|r 2015-11-08
|t 1
|w 2015-11-08
|y BK
|